La cueva del Charco del Agua Amarga y sus pinturas levantinas / (Record no. 30639)

MARC details
000 -LEADER
campo de control de longitud fija 00923nam a2200241 i 4500
001 - NÚMERO DE CONTROL
campo de control 30639
003 - IDENTIFICADOR DE NÚMERO DE CONTROL
campo de control ES-MaACL
005 - FECHA Y HORA DE LA ÚLTIMA TRANSACCIÓN
campo de control 20251011063056.0
007 - CAMPO FIJO DE DESCRIPCIÓN FÍSICA--INFORMACIÓN GENERAL
campo de control de longitud fija t|
008 - DATOS DE LONGITUD FIJA--INFORMACIÓN GENERAL
campo de control de longitud fija 030127s1970 sp ||||1| spa d
100 1# - ENTRADA PRINCIPAL--NOMBRE DE PERSONA
Nombre de persona Beltrán, Antonio,
Fechas asociadas al nombre 1916-2006
9 (RLIN) 27333
245 13 - MENCIÓN DEL TÍTULO
Título La cueva del Charco del Agua Amarga y sus pinturas levantinas /
Mención de responsabilidad, etc. Antonio Beltrán Martínez.
260 ## - PUBLICACIÓN, DISTRIBUCIÓN, ETC.
Lugar de publicación, distribución, etc. Zaragoza :
Nombre del editor, distribuidor, etc. Institución Fernando el Católico,
Fecha de publicación, distribución, etc. 1970.
300 ## - DESCRIPCIÓN FÍSICA
Extensión 117 p., 16 lám. :
Otras características físicas il. ;
Dimensiones 23 cm.
490 1# - MENCIÓN DE SERIE
Mención de serie Monografías arqueológicas ;
Designación de volumen o secuencia 7
490 1# - MENCIÓN DE SERIE
Mención de serie Anejo de Caesaraugusta ;
Designación de volumen o secuencia 7
650 #4 - PUNTO DE ACCESO ADICIONAL DE MATERIA--TÉRMINO DE MATERIA
Término de materia o nombre geográfico como elemento de entrada Pintura rupestre-
Subdivisión geográfica Val del Charco del Agua Amarga (Teruel, Yacimiento)
9 (RLIN) 168527
710 2# - ENTRADA AGREGADA--NOMBRE DE ENTIDAD CORPORATIVA
Nombre de entidad corporativa o nombre de jurisdicción como elemento de entrada Institución "Fernando el Católico"
9 (RLIN) 4721
830 00 - PUNTO DE ACCESO ADICIONAL DE SERIE-TÍTULO UNIFORME
Título uniforme Monografías arqueológicas
Designación de volumen o secuencia 7
9 (RLIN) 181361
830 0# - PUNTO DE ACCESO ADICIONAL DE SERIE-TÍTULO UNIFORME
Título uniforme Anejo de Caesaraugusta ;
Designación de volumen o secuencia 7
9 (RLIN) 229345
852 ## - LOCALIZACIÓN
Ubicación ES-MaACL
Número de control de estantería C-38109
Sublocalización o colección R.77016
Holdings
Estatus retirado Estado de pérdida Estado de daño No para préstamo Biblioteca de origen Biblioteca actual Ubicación en estantería Fecha de adquisición Fuente de adquisición Total de préstamos Signatura topográfica completa Código de barras Visto por última vez Precio de reemplazo Tipo de ítem Koha
        Biblioteca del Ateneo de Madrid Biblioteca del Ateneo de Madrid Depósito 2 17/01/2008     C-38109 1031637 23/02/2023 23/02/2023 Libro impreso